Normal view
MARC view
Entry Topical Term
001 - CONTROL NUMBER
- control field: 5802
003 - CONTROL NUMBER IDENTIFIER
- control field: ARRUPE
005 - DATE AND TIME OF LATEST TRANSACTION
- control field: 20131216181218.0
008 - FIXED-LENGTH DATA ELEMENTS
- fixed length control field: 131216|| aca||aabn | a|a d
040 ## - CATALOGING SOURCE
- Original cataloging agency: ARRUPE
- Transcribing agency: ARRUPE
150 ## - HEADING--TOPICAL TERM
- Topical term or geographic name as entry element: Missions - Africa; Protestant Churches - Missions
670 ## - SOURCE DATA FOUND
- Source citation: Work cat.: (ARRUPE): Moorhouse, Geoffrey 5801, The Missionaries, 1973